| LEADER | 01335nam a2200241 4500 | ||
|---|---|---|---|
| 082 | |a 809 |b B566Y | ||
| 100 | |a Bửu Ý | ||
| 245 | |a Tác giả thế kỷ hai mươi |c Bửu Ý |n T.1 | ||
| 260 | |a H. |b Văn học |c 2006 | ||
| 300 | |a 216tr. |c 19cm | ||
| 520 | |a vv | ||
| 653 | |a Văn học | ||
| 653 | |a Thế kỷ 20 | ||
| 653 | |a Thế giới | ||
| 653 | |a Tác giả | ||
| 942 | |2 ddc |c STK0 | ||
| 999 | |c 4445 |d 4445 | ||
| 952 | |0 0 |1 0 |2 ddc |4 0 |6 809_000000000000000_B566Y |7 0 |8 800 |9 43621 |a qbu |b qbu |c D5 |d 2014-12-19 |g 32000 |o 809 B566Y |p 3810.C1 |r 0000-00-00 |w 2014-12-19 |y STK0 | ||
| 952 | |0 0 |1 0 |2 ddc |4 0 |6 809_000000000000000_B566Y |7 0 |8 800 |9 43622 |a qbu |b qbu |c D5 |d 2014-12-19 |g 32000 |o 809 B566Y |p 3810.C2 |r 0000-00-00 |w 2014-12-19 |y STK0 | ||
| 952 | |0 0 |1 0 |2 ddc |4 0 |6 809_000000000000000_B566Y |7 0 |8 800 |9 43623 |a qbu |b qbu |c D5 |d 2014-12-19 |g 32000 |o 809 B566Y |p 3810.C3 |r 0000-00-00 |w 2014-12-19 |y STK0 | ||
| 952 | |0 0 |1 0 |2 ddc |4 0 |6 809_000000000000000_B566Y |7 0 |8 800 |9 43624 |a qbu |b qbu |c D5 |d 2014-12-19 |g 32000 |o 809 B566Y |p 3810.C4 |r 0000-00-00 |w 2014-12-19 |y STK0 | ||
| 952 | |0 0 |1 0 |2 ddc |4 0 |6 809_000000000000000_B566Y |7 0 |8 800 |9 43625 |a qbu |b qbu |c D5 |d 2014-12-19 |g 32000 |l 2 |m 1 |o 809 B566Y |p 3810.C5 |r 2017-01-05 |s 2016-12-21 |w 2014-12-19 |y STK0 | ||
| 952 | |0 0 |1 0 |2 ddc |4 0 |6 809_000000000000000_B566Y |7 0 |8 800 |9 43626 |a qbu |b qbu |c D5 |d 2014-12-19 |g 32000 |o 809 B566Y |p 3810.C6 |r 0000-00-00 |w 2014-12-19 |y STK0 | ||